000 01149nam a2200205Ii 4500
003 JO-AjNU
008 230605s9999||||xx |||||||||||||| ||und||
017 _a2002/3/784
040 _aJO-AjNU
_bara
_erda
_cJO-AjNU
041 _aara
050 1 4 _aGB793.5 2002
100 3 _aالجامعة الاردنية " مركز الدراسات والبجوث المائية والبيئية"؛ تحرير عبد اللطيف عربيات... وآخرون,
_eauthor
_956341
245 0 0 _aالحصاد المائي ودورة في تنمية الغطاء النباتي في البادية الأردنية: اليوم العلمي الثاني بالتعاون مع الجامعة الأردنية " مركز الدراسات والبحوث المائية والبيئية 6/5/1996
264 3 1 _aعمان: الجامعة الاردنية، 2002
300 _a137ص
_bيشتمل على جداول وصور توضيحية
336 _atext
_btxt
_2rdacontent
337 _aunmediated
_bn
_2rdamedia
338 _avolume
_bnc
_2rdacarrier
650 4 _aمياة الامطار - تنمية الموارد الطبيعية - الاردن - مؤتمرات
_956342
999 _aA25183
_c28751
_d28751